Las desobedientes : mujeres de nuestra América / (Registro nro. 717)

000 -CABECERA
campo de control de longitud fija 00954nam a2200289 a 4500
001 - NÚMERO DE CONTROL
campo de control 000010863
005 - FECHA Y HORA DE LA ÚLTIMA TRANSACCIÓN
campo de control 20200120221901.0
008 - DATOS DE LONGITUD FIJA--INFORMACIÓN GENERAL
campo de control de longitud fija 990315s1997 col gr 0 000 d
020 ## - NÚMERO INTERNACIONAL ESTÁNDAR DEL LIBRO
Número Internacional Estándar del Libro 958-30-0290-9
082 04 - NÚMERO DE LA CLASIFICACIÓN DECIMAL DEWEY
Número de clasificación 920.72
Número de documento/Ítem D27
245 14 - MENCIÓN DE TÍTULO
Título Las desobedientes : mujeres de nuestra América /
Mención de responsabilidad, etc. directoras de Proyecto: María Mercedes Jaramillo, Betty Osorio de Negret.
260 ## - PUBLICACIÓN, DISTRIBUCIÓN, ETC.
Lugar de publicación, distribución, etc. Bogotá :
Nombre del editor, distribuidor, etc. Panamericana,
Fecha de publicación, distribución, etc. 1997.
300 ## - DESCRIPCIÓN FÍSICA
Extensión 576 p.
490 #0 - MENCIÓN DE SERIE
Mención de serie Ensayo
500 ## - NOTA GENERAL
Nota general Ej. 1, 2 y 3 solicitado por biblioteca ICEF para Plan Lector
500 ## - NOTA GENERAL
Nota general Ejs. 2, 3 y 4 de Marichuela donados por la SED
500 ## - NOTA GENERAL
Nota general Ej.1, 2 y 3 de Mosquera 2a. ed. 1998
650 14 - PUNTO DE ACCESO ADICIONAL DE MATERIA--TÉRMINO DE MATERIA
Término de materia o nombre geográfico como elemento de entrada MUJERES
650 14 - PUNTO DE ACCESO ADICIONAL DE MATERIA--TÉRMINO DE MATERIA
Término de materia o nombre geográfico como elemento de entrada BIOGRAFIAS
650 14 - PUNTO DE ACCESO ADICIONAL DE MATERIA--TÉRMINO DE MATERIA
Término de materia o nombre geográfico como elemento de entrada FEMINISMO
650 14 - PUNTO DE ACCESO ADICIONAL DE MATERIA--TÉRMINO DE MATERIA
Término de materia o nombre geográfico como elemento de entrada HISTORIA
651 ## - PUNTO DE ACCESO ADICIONAL DE MATERIA--NOMBRE GEOGRÁFICO
Nombre geográfico AMERICA LATINA
700 1# - PUNTO DE ACCESO ADICIONAL--NOMBRE DE PERSONA
Nombre de persona Osorio Betty, dir.
700 1# - PUNTO DE ACCESO ADICIONAL--NOMBRE DE PERSONA
Nombre de persona Jaramillo, María Mercedes, dir.
740 0# - PUNTO DE ACCESO ADICIONAL--TÍTULO RELACIONADO O ANALÍTICO NO CONTROLADO
Título relacionado o analítico no controlado Mujeres de nuestra América
901 ## - ELEMENTOS DE DATOS A LOCAL LDA (RLIN)
a Compra : Panamericana, $ 25.850.00
Existencias
Estado de retiro Estado de pérdida Fuente del sistema de clasificación o colocación Estado dañado No para préstamo Código de colección Localización permanente Ubicación/localización actual Fecha de adquisición Número de inventario Total de préstamos Signatura topográfica completa Código de barras Fecha visto por última vez Fecha del último préstamo Número de copia Precio válido a partir de Tipo de ítem Koha Nota pública Renovaciones totales
          Colección General Biblioteca Pública San Juan Bosco Biblioteca Pública San Juan Bosco 20/01/2020 108926 1 920.72 D27 MOS001019 26/04/2023 18/04/2023 ej.1 20/01/2020 Libro Ocho días  
          Colección General Biblioteca Pública San Juan Bosco Biblioteca Pública San Juan Bosco 20/01/2020 108927   920.72 D27 MOS012399 20/01/2020   ej.2 20/01/2020 Libro Ocho días  
          Colección General Biblioteca Pública San Juan Bosco Biblioteca Pública San Juan Bosco 20/01/2020 108928   920.72 D27 MOS012400 20/01/2020   ej.3 20/01/2020 Libro Ocho días  
          Colección General Biblioteca Pública San Juan Bosco Biblioteca Pública San Juan Bosco 20/01/2020 108929 2 920.72 D27 MOS012401 23/08/2022 06/08/2022 ej.4 20/01/2020 Libro Ocho días 2

© Todos los derechos reservados para la Biblioteca Pública Municipal San Juan Bosco, 2020
Secretaria de Cultura de Mosquera
Carrera 3 N° 10 Esquina Centro Cultural Barrio El Carmén Teléfono: 8270830 Ext: 34
Funcionando con KOHA
Contacto: Biblioteca Pública Municipal San Juan Bosco/ bibliotecasanjuanbosco@mosquera-cundinamarca.gov.co
Mosquera, Cundinamarca